[Event "Sao Paulo Freitas op 2nd"]
[Site "Sao Paulo"]
[Date "2016.04.16"]
[Round "4"]
[White "Da Costa, Breno Coltro"]
[Black "Silva, Cicero Tavares"]
[Result "0-1"]
[WhiteElo "1800"]
[BlackElo "1601"]
[PlyCount "100"]
[EventDate "2016.04.15"]
[EventType "swiss"]
[EventRounds "6"]
[EventCountry "BRA"]
[SourceTitle "CBM 171 Extra"]
[Source "ChessBase"]
[SourceDate "2016.04.26"]
[SourceVersion "1"]
[SourceVersionDate "2016.04.26"]
[SourceQuality "1"]

1. d4 Nf6 2. c4 e6 3. Nc3 Bb4 4. Bd2 d5 5. e3 0-0 6. Bd3 c5 7. Nge2 Nc6 8. cxd5 Nxd5 9. dxc5 Bxc5 10. 0-0 Ndb4 11. Be4 f5 12. Bf3 Ne5 13. Nd4 Bxd4 14. exd4 Qxd4 15. Be3 Qxd1 16. Rfxd1 Nxf3+ 17. gxf3 Nc2 18. Bc5 Nxa1 19. Bxf8 Kxf8 20. Rxa1 Bd7 21. Re1 Kf7 22. Kf1 Bc6 23. f4 Rd8 24. Ke2 b5 25. a3 a5 26. Rc1 b4 27. axb4 axb4 28. Na2 Bb5+ 29. Ke3 Rd3+ 30. Ke2 Rb3+ 31. Kd2 Rxb2+ 32. Rc2 Rxc2+ 33. Kxc2 Ba4+ 34. Kd3 b3 35. Nc3 Bc6 36. Kd4 b2 37. Ke5 Be4 38. h3 b1Q 39. Nxb1 Bxb1 40. h4 h6 41. Kd6 Kf6 42. Kd7 g5 43. fxg5+ hxg5 44. hxg5+ Kxg5 45. Kxe6 Kf4 46. Kf6 Kf3 47. Kg5 Kxf2 48. Kh4 f4 49. Kh3 f3 50. Kh2 Ke2 0-1